000 00656nam a2200265Ia 4500
005 20260121165811.0
008 008 260114s9999 xx 000 0 eng d
020 _a9783319234199
037 _aEBOOK
040 _aCRL
040 _beng
040 _cCRL
041 _2eng
041 _aeng
084 _qCRL
100 _aLynnette D Madsen, Erik B Svedberg
_91056194
245 0 _aMaterials Research for Manufacturing
260 _bSpringer
260 _bSpringer
260 _c2016
856 _uhttps://link.springer.com/openurl?genre=book&isbn=978-3-319-23419-9
942 _cEBOOK
999 _c1621922
_d1621922